000 00473nam a2200169Ia 4500
008 090711s9999 xx 000 0 und d
082 _b56532
100 _aदेशमुख सुषमा
245 _aसंगत पंगत
260 _c1987
300 _a206
600 _aदेशमुख सुषमा
630 _aसंगत पंगत
700 _aदेशमुख सुषमा
730 _aसंगत पंगत
942 _cBOOK
999 _c291459
_d291459